Mimoriadne mizerný výber Pred parlamentnými a obecnými voľbami v Salvadore

Bibliographic Details
Main Author: Motusová, S. (Author)
Format: Article
Language:Slovak
Subjects:

MARC

LEADER 00000nab a2200000 a 4500
001 vtls000211356
003 SK-MaSNL
005 20260304050636.0
008 111130c1985 xo 0 slo
015 |a SNBRB19rr/mm-uuuuu 
035 |a CL0221470 
040 |a SNKBUCL  |b slo  |c SNKBUCL  |e AACR2 
041 0 |a slo 
044 |a xo  |c SK 
080 |a 323(100-19)(728.4)  |2 1981 
080 |a 324(728.4)  |2 1981 
100 1 |a Motusová, S.  |4 aut  |9 923972 
245 1 0 |a Mimoriadne mizerný výber  |b Pred parlamentnými a obecnými voľbami v Salvadore  |c S. Motusová 
650 0 7 |a vnútorná politika  |2 snkbucl  |9 970 
650 0 7 |a voľby  |2 snkbucl  |9 1580 
651 7 |a Salvádor  |2 snkbucl  |9 56289 
655 7 |a články z novín a časopisov  |2 snkbucl  |9 267496 
773 0 |t Práca  |g Roč. 40, č. 75 (29. 3. 1985), s. 3 
850 |a Slovenská národná knižnica v Martine  |a MTA001 
852 |a SNK  |b KIS3GCP 
958 |a RK 
992 |a RBX 
999 |c 2699430  |d 2701360